• 首页
  • 本馆介绍
  • 公告通知
  • 最新文献
  • 馆藏检索
  • 电子资源
  • 读者导购
  • 参考咨询
  • 我的图书馆
  • 登录
  • 详细信息显示
  • 放入我的书架
  • 预约/预借图书
  • 作者相关作品
  • 分类相关作品
  • 丛书相关作品
  • 出版社相关作品

书目信息

  • 表格格式
  • 工作单格式
  • 卡片格式
题名:
转型中的稳定器:社会保障面面观
    
 
作者: 丁水木 著
分册:  
出版信息: 上海   上海社会科学院出版社  2004
页数: 295页
开本: 22cm
丛书名: 转型社会研究文库
单 册:
中图分类: C913.7
科图分类:
主题词: 社会保障--研究--中国 , 社会救济
电子资源:
ISBN: 7-80681-446-9
000 00918oam2 2200277 450
001 040000000219
005 20051223092418.64
010    @a7-80681-446-9@dCNY28.00
092    @aCN
100    @a20050401d2004 ekmy0chiy0120 ea
101 0  @achi
102    @aCN@b310000
105    @ay z 000yy
200 1  @a转型中的稳定器:社会保障面面观@9zhuan xing zhong de wen ding qi: she hui bao zhang mian mian guan@f丁水木著@Fding shui mu zhu
210    @a上海@c上海社会科学院出版社@d2004
215    @a295页@d22cm
225 2  @a转型社会研究文库@f卢汉龙主编
330    @a本书包括社会保障的基本理论、社会保障的起源和发展、现代社会保障的制度和建立、现代社会保障的发展与改革等内容。
461  0 @12001 @a转型社会研究文库
606 0  @a社会保障@x研究@y中国
606 0  @a社会救济
690    @aC913.7@v4
701  0 @a丁水木@Ading shui mu@4著
801  0 @aCN@bNLC@c20051223
905    @a10447@dC913.7@e371
999    @aYYW
    
    转型中的稳定器:社会保障面面观/丁水木著.-上海:上海社会科学院出版社,2004
    295页;22cm.-(转型社会研究文库/卢汉龙主编)
    
    
    ISBN 7-80681-446-9:CNY28.00
    本书包括社会保障的基本理论、社会保障的起源和发展、现代社会保障的制度和建立、现代社会保障的发展与改革等内容。
●
相关链接 在E读中查询图书 在五车中查询图书 在当当中查询图书 在豆瓣中查询图书


正题名:转型中的稳定器:社会保障面面观     索取号:C913.7/371         预约/预借

序号 登录号 条形码 馆藏地/架位号 状态 备注
1 0372258   203722588   第一样本阅览室/ [索取号:C913.7/371] 在馆    
2 0372259   203722597   第一借阅区/ [索取号:C913.7/371] 在馆    
3 0372260   203722604   第一借阅区/ [索取号:C913.7/371] 在馆    
唐山师范学院图书馆 欢迎您!
大连网信软件有限公司© 版权所有